Statistics for Guess the Rock Band

Click here to take the quiz!

General Stats

  • This quiz has been taken 63 times
  • The average score is 6 of 12

Answer Stats

Answer% Correct
Nirvana
89%
Guns N' Roses
76%
Slipknot
72%
Limp Bizkit
65%
Nickelback
65%
Blink 182
61%
Red Hot Chili Peppers
57%
Korn
46%
Linkin Park
35%
Pearl Jam
35%
Avenged Sevenfold
19%
Five Finger Death Punch
11%

Score Distribution

Percentile by Number Answered

Percent of People with Each Score

Your Score History

You have not taken this quiz